| 000 | 00524nam a2200169 a 4500 | ||
|---|---|---|---|
| 005 | 20140414132111.0 | ||
| 008 | 110513s19uu xx 00 eng d | ||
| 020 | _a043964948X | ||
| 050 |
_aTR _bSM3 2004 |
||
| 100 | _aMunsch, Robert N., 1945- | ||
| 245 |
_aSmelly socks / _cby Robert Munsch ; illustrated by Michael Martchenko. |
||
| 260 |
_aNew York : _bScholastic, _cc2004. |
||
| 300 | _a28 p. : col. ill. ; 20 cm. | ||
| 650 |
_aHygiene _x Juvenile fiction. |
||
| 650 |
_aBody odor _xJuvenile fiction. |
||
| 999 |
_c114761 _d114761 |
||